BEYOND THE OCEANS EURASIC AFRICA AUSTRALIA (Record no. 569515)

000 -LEADER
fixed length control field 00265nam a22001097a 4500
082 ## - DEWEY DECIMAL CLASSIFICATION NUMBER
Classification number 910 POU"B
100 ## - MAIN ENTRY--PERSONAL NAME
Personal name POUNTS, N. J. G
9 (RLIN) 59571
245 ## - TITLE STATEMENT
Title BEYOND THE OCEANS EURASIC AFRICA AUSTRALIA
260 ## - PUBLICATION, DISTRIBUTION, ETC.
Place of publication, distribution, etc. NEWYORK
Name of publisher, distributor, etc. RAND MCNALLY
Date of publication, distribution, etc. 1957
300 ## - PHYSICAL DESCRIPTION
Extent 471P
942 ## - ADDED ENTRY ELEMENTS (KOHA)
Koha item type Book
Holdings
Withdrawn status Lost status Damaged status Not for loan Permanent Location Current Location Shelving location Date acquired Total Checkouts Full call number Barcode Date last seen Price effective from Koha item type
        College of Electrical & Mechanical Engineering (CEME) College of Electrical & Mechanical Engineering (CEME) General Stacks 07/18/2017   910 POU CEME-1631 06/28/2021 06/28/2021 Book
© 2023 Central Library, National University of Sciences and Technology. All Rights Reserved.